000 00615nam a2200169 i 4500
001 127272
003 ES-MaACL
005 20230906192959.0
007 t|
008 070214s1930 fr |||| | fre d
100 1 _aRicquier, Léon.
_997050
245 1 0 _aDiscours et allocutions
_b: distributions de prix, compliments de bienvenue, allocutions et remerciements a les receptions, inaugurations, banquets, decorations, obseques, etc. /
_cLéon Ricquier.
260 _aParis :
_b[s. n.],
_c[1930] (
_eLagny :
_fE. Grevin)
300 _a324 p. ;
_c19 cm.
650 4 _aOratoria.
_915732
852 _aES-MaACL
_jB-9083
999 _c127272
_d127272